000 00469nam a22001697a 4500
003 MPLRDC
005 20220104143203.0
008 210129b ||||| |||| 00| 0 eng d
082 _a859.6 MIC v.90
100 _a米奇编辑委员会
245 _a米奇. 迪士尼儿童月刊. 第九十期
_c
260 _a
_b长青出版有限公司
_c1998
300 _b
490 _a米奇. 迪士尼儿童月刊;90
650 _a儿童杂志
942 _cBK
_o859.6 MIC v.90
999 _c37460
_d37450